O aniversário de Astérix e Obélix (Registo nº 200247)

Detalhes MARC
000 -Etiqueta do registo
Valores 00817nam 22002413 4500
010 ## - Número ISBN
ISBN 978-989-23-0653-7
021 ## - Número do Depósito Legal
Código do país Portugal
Número 298306/09
100 ## - Dados gerais de processamento
Dados gerais 20260128d u||y0pory50 ba
200 ## - Titulo e menção de responsabilidade
Título próprio O aniversário de Astérix e Obélix
Primeira menção de responsabilidade texto de René Goscinny e Albert Uderzo, desenhos de Albert Uderzo
Informação de outro título o livro de ouro
Outras menções de responsabilidade tradução de Maria José Magalhães Pereira e Ana Paula Duarte Caetano
205 ## - Menção da edição
Edição
210 ## - Publicação
Local de publicação Alfragide
Nome do editor Edições Asa II
Data de publicação 2009
215 ## - Descrição física 
Paginação / Volumes 53, [4] p.
Outras indicações físicas il. ; encadernado
Dimensões 30 cm
225 ## - Colecção 
Título próprio da colecção Astérix
606 ## - Nome comum usado como assunto
ID Autoridade 1586
Palavra de ordem Desenho Artístico
610 ## - Termos não controlados
Palavra de ordem Banda Desenhada
675 ## - CDU
Notação 74
Edição PT
Língua por
700 ## - Autor principal (pessoa individual)
ID Autoridade 823
Apelido Goscinny
Nome René
Datas 1926-1977
701 ## - Co-autor principal (pessoa individual)
ID Autoridade 824
Apelido Uderzo
Nome Albert
Datas 1927-2020
801 ## - Fonte de origem
País PT
Agência BMMN
Regras de catalogação RPC
830 ## - Notas gerais do catalogador
Criado por Isabel
990 ## - Elementos KOHA
Tipo de documento Livro
Exemplares
Situação do levantamento Biblioteca de origem Código de barras Cota Permissão de empréstimo Tipo de documento Forma de aquisição
  Biblioteca Municipal de Montemor-o-Novo 29364 74 GOS|AJ   Livro Compra

Powered by Koha